El nombre de la rosa /
Guardado en:
| Autor Principal: | |
|---|---|
| Formato: | Libro |
| Publicado: |
Barcelona :
Rba,
1986
|
| Edición: | 6a. ed. |
| Series: | Narrativa actual
|
| Materias: | |
| Etiquetas: |
Agregar Etiqueta
Sin Etiquetas, Sea el primero en etiquetar este registro!
|
| LEADER | 00797nam a22002535a 4500 | ||
|---|---|---|---|
| 001 | CEM.cems002219 | ||
| 005 | 20060216000000.0 | ||
| 008 | 130507s1986##################000#0#####d | ||
| 003 | CEMS | ||
| 020 | |a 8447300005 | ||
| 082 | 0 | 4 | |a 853.9 |
| 100 | 1 | |a Eco, Umberto | |
| 245 | 1 | 0 | |a El nombre de la rosa / |c Umberto Eco |
| 250 | |a 6a. ed. | ||
| 260 | |a Barcelona : |b Rba, |c 1986 | ||
| 300 | |a 607 p. | ||
| 490 | 0 | |a Narrativa actual | |
| 653 | |a Literatura | ||
| 653 | |a Literatura italiana | ||
| 653 | |a Novelas | ||
| 859 | |a CEMS |b BIB. CEMS - 11 de abril |h 853.9 |i EC71a6 |p 14176.86 |t Ej.1 | ||
| 859 | |a CEMS |b BIB. CEMS - 11 de abril |h 853.9 |i EC71a6 |p 21868.02 |t Ej.2 | ||
| 859 | |a CEMS |b BIB. CEMS - 11 de abril |h 853.9 |i EC71a6 |p 21959.03 |t Ej.3 | ||
| 859 | |a CEMS |b BIB. CEMS - 11 de abril |h 853.9 |i EC71a6 |p 23415.06 |t Ej.4 | ||
